Quiz o Szczecinie - Statystyki

Ogólne statystyki
  • Ten quiz został rozwiązany 1 468 razy
  • Średni wynik to 11 z 22
Statystyki odpowiedzi
Wskazówka Odpowiedź % Poprawnych
Najdłuższa rzeka przechodząca przez miasto Odra
97%
Kraj odległy o 12 km od centrum miasta Niemcy
94%
Grający w Ekstraklasie klub piłkarski z tego miasta Pogoń
84%
Mityczne zwierzę przedstawione w herbie miasta gryf
78%
Nazwa Szczecina przed 1945 rokiem Stettin
76%
Czwarte największe jezioro w Polsce, całkowicie znajduje się w granicach miasta Dąbie
62%
Renesansowy zamek, siedziba księstwa do 1637 roku Zamek Książąt Pomorskich
52%
Największy cmentarz w Polsce (172 ha) Cmentarz Centralny
50%
Taras widokowy o długości 450 m zlokalizowany nad tą rzeką Wały Chrobrego
46%
Prezydent Szczecina od 2006 roku Piotr Krzystek
45%
Budynek, który w 2015 roku otrzymał nagrodę Unii Europejskiej w konkursie architektury współczesnej Filharmonia
44%
Rodzaj nadziewanego ciasta drożdżowego, chroniony przez prawo lokalny produkt tradycyjny pasztecik szczeciński
44%
Budynek posiadający najwięcej pięter (26) Hanza Tower
43%
Nazwa dużej dzielnicy położonej po przeciwnej stronie międzyrzecza niż większość miasta Prawobrzeże
42%
Jedno z najstarszych kin na świecie Pionier 1907
39%
Urodziła się w tym mieście w 1729 roku jako Sophie Friederike Auguste caryca Katarzyna II Wielka
38%
Nazwa ulicy przebiegającej wzdłuż tego cmentarza, jej nazwa pojawiła się w tytule utworu szczecińskiego zespołu Hey Ku Słońcu
37%
Patron szczecińskiej katedry, drugiego pod względem wysokości kościoła w Polsce św. Jakub
28%
Najwyższy budynek w mieście (128 m) Pazim
26%
Potoczna nazwa otwartej w 1936 roku autostrady (obecnie A6) Berlinka
24%
Film w reżyserii Jarosława Żamojdy z 1996 roku z fabułą osadzoną w Szczecinie Młode wilki
24%
Gwiazdozbiór odzwierciedlany przez trzy szczecińskie place – Szarych Szeregów (Mintaka), Odrodzenia (Alnilam) i Grunwaldzki (Alnitak) Pas Oriona
20%
Nie znaleziono quizów pasujących do podanych kryteriów
Rozkład punktacji
Procent ludzi z każdym wynikiem
Percentyl według liczby udzielonych odpowiedzi
Twoja historia wyników
Nie rozwiązałeś tego quizu